Normal view MARC view

Entry Personal Name

Number of records used in: 1

001 - CONTROL NUMBER

  • control field: 1201856

003 - CONTROL NUMBER IDENTIFIER

  • control field: OSt

005 - DATE AND TIME OF LATEST TRANSACTION

  • control field: 20260324135755.0

008 - FIXED-LENGTH DATA ELEMENTS

  • fixed length control field: 260324|| aca||aabn | a|a d

040 ## - CATALOGING SOURCE

  • Original cataloging agency: OSt
  • Transcribing agency: OSt

100 ## - HEADING--PERSONAL NAME

  • Personal name: Stirling Professions and Management Conference 1993; Ian Glover; Michael Hughes

670 ## - SOURCE DATA FOUND

  • Source citation: Work cat.: (OSt)1803284: Stirling Professions and Management Conference 1993; Ian Glover; Michael Hughes, Professions at Bay
Copyright @ Delhi University Library System